000 01457nam2a2200313 4500
001 RU\NLR\DIGIT\519932
005 20250810065950.0
035 _a(NLR Aleph) 010429154
090 _a9845362
_c9845362
100 _a20250810 rusy50
102 _aRU
110 _acya||||||||
135 _acrgn 008apada
135 _acrgn 008apada
200 1 _a1943, №33 (1 июля)
210 _d1943
325 _aКопия доступна в Электрон. б-ке РНБ http://vivaldi.nlr.ru/pn000124059/view
461 0 _1001RU\NLR\DIGIT\519680
_12001#$aСталинская трибуна$v1943, №33 (1 июля)
_99844851
_cс. Дубенки, МАССР
_d1936-1956
_oОрган Дубенского РК ВКП(б) и Исполкома районного совета трудящихся, МАССР
_tСталинская трибуна
_v1943, №33 (1 июля)
801 2 _aRU
_bNLR
_c20140521
_2rusmarc
852 _aNLR
_bН
_jР-11120
856 0 _uhttp://vivaldi.nlr.ru/pn000124059/view
856 1 _uhttp://vivaldi.nlr.ru/pn000124059/cover
856 2 _uhttp://vivaldi.nlr.ru/pn000124059/text
942 _cISSNP
945 _aРоссийская национальная библиотека
980 _aNB
980 _aBV
981 2 3 _a(23) Национальные литературы
_b(23) Периодические издания на национальных языках